000
00332 a2200157 4500
001
190980
020
_a
978-85-360-1099-1
040
_c
Magnum
100
_a
Riter, Caio
240
1
0
_a
Tantos barulhos
_l
por
245
1
0
_a
Tantos barulhos
300
_a
48
362
0
_a
2011
697
_a
LITERATURA INFANTO-JUVENIL
942
_c
BK
999
_c
190980
_d
190980